The lost girls of camp forevermore / (Record no. 3435)

MARC details
000 -LEADER
fixed length control field 01903cam a2200205 i 4500
008 - FIXED-LENGTH DATA ELEMENTS--GENERAL INFORMATION
fixed length control field 171016s2018 mau 000 1 eng
020 ## - INTERNATIONAL STANDARD BOOK NUMBER
ISBN 9780544098268 (hardcover)
100 1# - MAIN ENTRY--AUTHOR
Author Fu, Kim,
245 14 - TITLE STATEMENT
Title The lost girls of camp forevermore /
Statement of responsibility, etc Kim Fu.
260 ## - PUBLICATION, DISTRIBUTION, ETC. (IMPRINT)
Place of publication Boston
Name of publisher Houghton Mifflin Harcant
Date of publication 2018
300 ## - COLLATION
Pagination 249 pages ;
520 ## - SUMMARY, ETC.
Summary, etc "From the award-winning author of For Today I Am a Boy,agrippingand deeply felt novel about a group of young girls at a remote camp--and the night that changes everything and will shape their lives for decades to come A group of young girls descend on Camp Forevermore, a sleepaway camp in the Pacific Northwest, where their days are filled with swimming lessons, friendship bracelets, and camp songs by the fire. Filled with excitement and nervous energy, they set off on an overnight kayaking trip to a nearby island.But before the night is over, they find themselves stranded, with no adults to help them survive or guide them home.The Lost Girls of Camp Forevermore tracesthese fivegirls--Nita, Kayla, Isabel, Dina, and Siobhan--through and beyond this fateful trip. We see them through successes and failures, loving relationships and heartbreaks; we see what it means to find, and define, oneself, and the ways in which the same experience is refracted through different people. In diamond-sharpprose, Kim Fu gives us a portrait of friendship and of the families we build for ourselves--and the pasts we can't escape"--
520 ## - SUMMARY, ETC.
Summary, etc "From the award-winning author of For Today I Am a Boy, a gripping and deeply felt novel about a group of young girls at a remote camp--and the night that changes everything and will shape their lives for decades to come"--
650 #7 - TRACINGS
Main Subject FICTION / Coming of Age.
650 #7 - TRACINGS
Main Subject FICTION / Literary.
650 #7 - TRACINGS
Main Subject FICTION / Contemporary Women.
942 ## - ADDED ENTRY ELEMENTS (KOHA)
Item type Books
050 00 - LIBRARY OF CONGRESS CALL NUMBER
Classification number PR9199.4.F8
Item number L67 2018
082 00 - DEWEY DECIMAL CLASSIFICATION NUMBER
Classification number 813/.6
Holdings
Source of classification or shelving scheme Not for loan Permanent location Current location Date acquired Accession No. Full call number Barcode. Koha item type
Library of Congress Classification   Samuel Ogbemudia Main Library, University of Abuja Samuel Ogbemudia Main Library, University of Abuja 05/13/2025 2024/63635 PR9199.4.F8.L67 2025-1901 Books